Mạng máy tính

Đã lưu trong:
Sonraí Bibleagrafaíochta
Príomhúdar: Nguyễn Thị Kiều Duyên
Formáid: Leabhar
Teanga:Undetermined
Foilsithe: Tp. HCM Thanh Niên 2001
Ábhair:
Clibeanna: Cuir Clib Leis
Gan Chlibeanna, Bí ar an gcéad duine leis an taifead seo a chlibeáil!
Thư viện lưu trữ: Trung tâm Học liệu Trường Đại học Cần Thơ
LEADER 00547nam a2200169Ia 4500
001 CTU_48576
008 210402s9999 xx 000 0 und d
082 |a 004.65 
082 |b D527 
100 |a Nguyễn Thị Kiều Duyên 
245 0 |a Mạng máy tính 
245 0 |c Nguyễn Thị Kiều Duyên 
260 |a Tp. HCM 
260 |b Thanh Niên 
260 |c 2001 
650 |a communication - network analysis,local area networks ( computer networks ),network computing 
980 |a Trung tâm Học liệu Trường Đại học Cần Thơ